000 00406nam a22001577a 4500
003 CEME
005 20210628204211.0
008 210218b xxu||||| |||| 00| 0 eng d
040 _c.
082 _a891.41 ILL'S
100 _aSoomro, Ali Akbar
_969236
245 _aIllustrated versus of shah abdul latif bhitai
260 _aHYDRABAD PAKISTAN
_bSHAH LATIF ART
_c1996
300 _a92P
942 _cBK
_2ddc
999 _c576608
_d576608